Marketing destinácie a cestovný ruch
Trendy rozvoja cestovného ruchu na Slovensku. Domáci cestovný ruch. Analýza konkurencie. Slovensko očami potenciálneho zahraničného klienta. Zásady marketingovej stratégie.
Enregistré dans:
| Auteur principal: | |
|---|---|
| Autres auteurs: | |
| Format: | Chapitre de livre |
| Langue: | slovaque |
| Sujets: | |
| Tags: |
Pas de tags, Soyez le premier à ajouter un tag!
|
MARC
| LEADER | 00000naa$a2200000$$$4500 | ||
|---|---|---|---|
| 001 | 0037985 | ||
| 005 | 20240502071457.7 | ||
| 041 | 0 | |a slo | |
| 044 | |a SK | ||
| 245 | 1 | 0 | |a Marketing destinácie a cestovný ruch |c Ľudmila Novacká, Pavol Plesník |
| 520 | |a Trendy rozvoja cestovného ruchu na Slovensku. Domáci cestovný ruch. Analýza konkurencie. Slovensko očami potenciálneho zahraničného klienta. Zásady marketingovej stratégie. | ||
| 610 | 2 | 0 | |a marketing |
| 610 | 2 | 0 | |a ruch cestovný |
| 610 | 2 | 0 | |a stratégia marketingová |
| 610 | 2 | 0 | |a Slovensko |
| 610 | 2 | 0 | |a služby |
| 610 | 2 | 0 | |a klienti |
| 610 | 2 | 0 | |a konkurencia |
| 100 | 1 | |a Novacká, Ľudmila, 1953- | |
| 700 | 1 | |a Plesník, Pavol, 1956- | |